S.E. Forman correspondence, (Record no. 44763)

MARC details
000 -LEADER
fixed length control field 01239cpcaa2200301 a 4500
001 - CONTROL NUMBER
control field mm2007085370
003 - CONTROL NUMBER IDENTIFIER
control field DLC
005 - DATE AND TIME OF LATEST TRANSACTION
control field 20260227111731.0
008 - FIXED-LENGTH DATA ELEMENTS--GENERAL INFORMATION
fixed length control field 070606|||||||||||| eng
010 ## - LIBRARY OF CONGRESS CONTROL NUMBER
LC control number mm2007085370
040 ## - CATALOGING SOURCE
Original cataloging agency DLC
Transcribing agency DLC
Description conventions dacs
Modifying agency DLC
072 #7 - SUBJECT CATEGORY CODE
Subject category code R
Source lcmd
100 1# - MAIN ENTRY--PERSONAL NAME
Personal name Forman, S. E.
Fuller form of name (Samuel Eagle),
Dates associated with a name 1858-1941.
245 00 - TITLE STATEMENT
Title S.E. Forman correspondence,
Inclusive dates 1904.
300 ## - PHYSICAL DESCRIPTION
Extent 2
Type of unit items.
506 0# - RESTRICTIONS ON ACCESS NOTE
Terms governing access Open to research.
520 8# - SUMMARY, ETC.
Summary, etc. ALS (1904 November 13) from Forman and his wife, Carrie Forman, to Miss Fradinka discussing Forman's writings, the election of President Theodore Roosevelt, and social life in Washington, D.C. Includes typewritten transcript.
545 0# - BIOGRAPHICAL OR HISTORICAL DATA
Biographical or historical data Author.
546 ## - LANGUAGE NOTE
Language note Collection material in English.
600 10 - SUBJECT ADDED ENTRY--PERSONAL NAME
Personal name Forman, Carrie
Form subdivision Correspondence.
600 10 - SUBJECT ADDED ENTRY--PERSONAL NAME
Personal name Roosevelt, Theodore,
Dates associated with a name 1858-1919.
650 #0 - SUBJECT ADDED ENTRY--TOPICAL TERM
Topical term or geographic name entry element Presidents
Geographic subdivision United States
General subdivision Election
Chronological subdivision 1904.
651 #0 - SUBJECT ADDED ENTRY--GEOGRAPHIC NAME
Geographic name United States
General subdivision Politics and government
Chronological subdivision 1901-1909.
651 #0 - SUBJECT ADDED ENTRY--GEOGRAPHIC NAME
Geographic name Washington (D.C.)
General subdivision Social life and customs.
656 #7 - INDEX TERM--OCCUPATION
Occupation Authors.
Source of term itoamc

No items available.

Powered by Koha